LEADER 02418oam 2200553M 450 001 9910715599703321 005 20191116081227.2 035 $a(CKB)5470000002512053 035 $a(OCoLC)1065818767 035 $a(OCoLC)995470000002512053 035 $a(EXLCZ)995470000002512053 100 $a20070221d1822 ua 0 101 0 $aeng 135 $aurcn||||||||| 181 $ctxt$2rdacontent 182 $cc$2rdamedia 183 $acr$2rdacarrier 200 10$aMessage from the President of the United States, transmitting a report of the Secretary of War, of the expenditures made under the act to provide for the civilization of the Indian tribes. January 22, 1822. Read, and ordered to lie upon the table 210 1$a[Washington, D.C.] :$c[publisher not identified],$d1822. 215 $a1 online resource (9 pages) $ctables 225 1 $aHouse document / 17th Congress, 1st session. House ;$vno. 34 225 1 $a[United States congressional serial set ] ;$v[serial no. 65-1] 300 $aBatch processed record: Metadata reviewed, not verified. Some fields updated by batch processes. 300 $aFDLP item number not assigned. 606 $aArmed Forces$xAppropriations and expenditures 606 $aRevenue 606 $aFactory and trade waste 606 $aIndians of North America$xGovernment relations 606 $aIndians of North America$xEducation 606 $aFinancial statements 607 $aUnited States$xArmed Forces$xAppropriations and expenditures 608 $aLegislative materials.$2lcgft 615 0$aArmed Forces$xAppropriations and expenditures. 615 0$aRevenue. 615 0$aFactory and trade waste. 615 0$aIndians of North America$xGovernment relations. 615 0$aIndians of North America$xEducation. 615 0$aFinancial statements. 701 $aMonroe$b James$f1758-1831.$01387352 712 02$aUnited States.$bPresident (1817-1825 : Monroe) 712 02$aUnited States.$bWar Department. 801 0$bWYU 801 1$bWYU 801 2$bOCLCO 801 2$bOCLCQ 906 $aBOOK 912 $a9910715599703321 996 $aMessage from the President of the United States, transmitting a report of the Secretary of War, of the expenditures made under the act to provide for the civilization of the Indian tribes. January 22, 1822. Read, and ordered to lie upon the table$93444996 997 $aUNINA LEADER 00796nam0-2200253 --450 001 9910837000203321 005 20240313081154.0 010 $a0702103535 100 $a20240313d1972----kmuy0itay5050 ba 101 0 $aeng 102 $aZA 105 $a 001yy 200 1 $a<>roman law of property and obligations$ean historical introduction to some of the main institutions$fDavid Pugsley 210 $aCape Town [etc.]$cJuta & company$d1972 215 $a121 p.$d22 cm 676 $a340$v23$zita 700 1$aPugsley,$bDavid$0238656 801 0$aIT$bUNINA$gREICAT$2UNIMARC 901 $aBK 912 $a9910837000203321 952 $aFONDO PROFESSOR ANTONIO GUARINO IV E 83$bG/1827$fFGBC 959 $aFGBC 996 $aRoman law of property and obligations$94131424 997 $aUNINA